Famous Thirds - Statistics

General Stats
  • This quiz has been taken 13,394 times
  • The average score is 12 of 20
Answer Stats
Third... Answer % Correct
Most populous state in the U.S. Florida
83%
Greek letter Gamma
82%
Letter in the NATO phonetic alphabet Charlie
80%
Most populous city in the U.S. Chicago
79%
Largest island in the Caribbean Jamaica
78%
U.S. President Thomas Jefferson
78%
Largest country in Africa by area Sudan
76%
Person (biblical) Cain
67%
Heaviest genus of bird Emu
65%
Element in the Periodic Table Lithium
65%
Holiest city in Islam Jerusalem
63%
Longest river Yangtze
58%
Noble gas Argon
57%
Rank in taxonomy (most specific to least) Family
50%
Largest lake by area Lake Victoria
50%
Shortest wavelength in the electromagnetic spectrum Ultraviolet
46%
Stage of grief Bargaining
40%
Indiana Jones movie The Last Crusade
39%
Roman Emperor Caligula
30%
Book of the Divine Comedy Paradiso
23%
No matching quizzes found
Score Distribution
Percent of People with Each Score
Percentile by Number Answered
Your Score History
You have not taken this quiz